02047nam a2200337 i 4500003000900000005001700009008004000026040004600066041000800112082002800120092000700148099003600155100005700191245042000248264006300668300003100731336002200762337002400784338003300808504006000841546009600901650006900997650002401066856005701090905000701147942001901154999001701173952017301190952017301363952017301536EG-GICUC20260121101542.0251228s2000   ua ||||fr|||| 00| 0 ara d  a EG-GICUCbarac EG-GICUCd EG-GICUCerda  aara04221a343.6bف ت . أ04221  aLaw1 10	343.6 ف ت . أ 20000 aفتوح عبدالله الشاذلى eمؤلف.10aأساسيات علم الإجرام والعقاب :bأولويات علم الإجرام العام - تفسير السلوك الإجرامى - العوامل الداخلية والخارجية للإجرام -أولويات علم العقاب والجزاء الجنائى -أساليب المعاملة العقابية للمحكوم عليهم /cفتوح عبدالله الشاذلى . 1aالاسكندرية :bمنشأة المعارف,c2000  a320 صفحة ؛ c24 سم.  2rda contentatext  2rda mediaaComputer  2rda carrieraOnline Resource  aيحتوي على ارجاعات ببليوجرافية  aالنص أغلبه باللغة العربية مع بعض النصوص الفرنسية14aعلم الإجرامxالقانون الجنائي 2qrmak14aعلم العقاب40uhttps://fll.law.cu.edu.eg/fulltext/bks/B10-07323.pdf  a75  2ddccBKe21n0  c52808d52808  00102ddc40718القانون الجنائيaCUbLAW1d2025-12-28l0oLaw1 10	343.6 ف ت . أ 2000 1007323	C1pB10-07323r2025-12-28 13:18:46t1w2025-12-28yBK  00102ddc40708القانون الجنائيaCUbLAW1d2025-12-28l0oLaw1 10	343.6 ف ت . أ 2000 1007324	C2pB10-07324r2025-12-28 13:19:34t2w2025-12-28yBK  00102ddc40708القانون الجنائيaCUbLAW1d2025-12-28l0oLaw2 10	343.6 ف ت . أ 2000 1007331	C3pB10-07331r2025-12-28 15:39:02t3w2025-12-28yBK